000 00354nam a2200133Ia 4500
008 240624s9999 xx 000 0 und d
041 _aeng
082 _a658.8 BUS
100 _aBUSINESSWEEK
245 _aMARKETING POWER PLAYS HOW THE WORLD S MO
260 _c2007
_aNew Delhi
_bTata McGraw- Hill
300 _aix, : 178 : p. : cm. ; 25
365 _cRS
_b35
999 _c5728
_d5728